UBT Library

CULTURAL ANTHROPOLOGY (Record no. 59641)

000 -LEADER
fixed length control field 00330nam a22001457a 4500
008 - FIXED-LENGTH DATA ELEMENTS--GENERAL INFORMATION
fixed length control field 230502b ||||| |||| 00| 0 eng d
020 ## - INTERNATIONAL STANDARD BOOK NUMBER
International Standard Book Number 9781285738499
041 ## - LANGUAGE CODE
Language code of text/sound track or separate title eng
080 ## - UNIVERSAL DECIMAL CLASSIFICATION NUMBER
Edition identifier TENTH EDITION
Universal Decimal Classification number 572
082 ## - DEWEY DECIMAL CLASSIFICATION NUMBER
Classification number 572FER
100 ## - Rafti
Rafti 44
101 ## - Shkurtesa
Shkurtesa ANTRO
245 ## - TITLE STATEMENT
Title CULTURAL ANTHROPOLOGY
Statement of responsibility, etc FERRARD.G
942 ## - ADDED ENTRY ELEMENTS (KOHA)
Source of classification or shelving scheme
Item type Books
Holdings
Withdrawn status Lost status Source of classification or shelving scheme Damaged status Not for loan Collection code Permanent location Current location Date acquired Total Checkouts Full call number Barcode Date last seen Price effective from Koha item type
          Koleksioni i përgjithshem UBT - Lipjan UBT - Lipjan 05/02/2023   572FER 002-80008052 05/02/2023 05/02/2023 Books
UBT Library © 2015-2024. All rights reserved University Education for Business and Technology